| 000 | 00461cam a22001934a 4500 | ||
|---|---|---|---|
| 005 | 20250605164318.0 | ||
| 008 | 250528s ||||||||||||||||||||||||d | ||
| 035 | _a22760 | ||
| 020 | _a9780230224803 | ||
| 040 |
_aGR-AtMCL _bgre _dGR-AtMCL _eAACR2 |
||
| 245 | 1 | _aHOW TO WRITE BETTER ESSAYS | |
| 250 | _a2 | ||
| 260 |
_bPalgrave Macmillan, _c2008 |
||
| 300 | _a308 | ||
| 700 | 1 |
_aGreetham Bryan _97105 |
|
| 942 | _cBK | ||
| 999 |
_c7805 _d7805 |
||